[Event "1st WMSG Rapid Team w"]
[Site "Beijing CHN"]
[Date "2008.10.15"]
[Round "6"]
[White "Berzina,I"]
[Black "Mrvova,A"]
[Result "0-1"]
[WhiteElo "2320"]
[BlackElo "2205"]

1.e4 c5 2.Nf3 Nc6 3.Bb5 g6 4.O-O Bg7 5.c3 e5 6.Re1 Nge7 7.Na3 O-O 8.d4 exd4
9.cxd4 Nxd4 10.Nxd4 cxd4 11.Bg5 h6 12.Bh4 g5 13.Bg3 a6 14.Bd3 d5 15.e5 Qb6
16.Nc2 Be6 17.Nxd4 Kh8 18.Bc2 Rac8 19.h4 Rxc2 20.Nxc2 Nf5 21.Bh2 Nxh4 22.Nd4 Nf5
23.Nxf5 Bxf5 24.Qd2 d4 25.Rac1 d3 26.Bg3 Qd4 27.Rc7 Be4 28.Rec1 Bc6 29.Rd1 Bxe5
30.Qxd3 Qxb2 31.Bxe5+ Qxe5 32.Qd6 Qxd6 33.Rxd6 Kg7 34.Rdxc6 bxc6 35.Rxc6 Ra8
36.f3 a5 37.a4 h5 38.Kf2 f6 39.Ke3 h4 40.Rc5 Kg6 41.Rb5 Re8+ 42.Kf2 Re5 43.Rb6 Rc5
44.Ra6 Rc2+ 45.Kf1 Rc5 46.Ke2 Kf5 47.Kd3 Ke5 48.Ra8 Kf4 49.Ra6 f5 50.Kd4 Rc2
51.Rxa5 Rxg2 52.Rb5 h3 53.Rb1 h2 54.Rh1 Kg3 55.Kc5 Rg1 56.Rxh2 Kxh2 57.Kd4  0-1

[Event "1st Bobotsov Mem"]
[Site "Sofia BUL"]
[Date "2008.10.15"]
[Round "1"]
[White "Janev,E"]
[Black "Filev,G"]
[Result "0-1"]
[WhiteElo "2491"]
[BlackElo "2375"]

1.e4 c5 2.Nf3 Nc6 3.Bb5 Nf6 4.e5 Nd5 5.O-O g6 6.Re1 Bg7 7.Nc3 Nc7 8.Bxc6 dxc6
9.Ne4 Ne6 10.d3 O-O 11.Be3 b6 12.Qd2 Nd4 13.Nxd4 cxd4 14.Bh6 Bxe5 15.Bxf8 Qxf8
16.a4 a5 17.c4 f5 18.Ng5 Bd6 19.f4 h6 20.Nf3 c5 21.Ne5 Kg7 22.Qf2 Bb7 23.Qg3 Qe8
24.Re2 Rc8 25.h4 h5 26.Rae1 Rc7 27.Qg5 Bc8 28.b3 Kh7 29.Qg3 Bxe5 30.Rxe5 e6
31.Qg5 Qe7 32.Qxe7+ Rxe7 33.Rd5 Rb7 34.Rd8 Bd7 35.Kf2 Kg7 36.g4 fxg4 37.Re5 Kf7
38.Kg3 Be8 39.Rg5 Bd7 40.Rh8 Kg7 41.Ra8 Kf7 42.Rd8 Kg7 43.Re5 Kf7 44.f5 gxf5
45.Rh8 Kg6 46.Kf4 Rc7 47.Rb8 Rc6 48.Re1 Bc8 49.Ke5 Kf7 50.Ra8 Ke7 51.Ra7+ Bd7
52.Rb7 Kd8 53.Kf4 Ke7 54.Rb8 Bc8 55.Kg5 Kd6 56.Kxh5 Kc7 57.Ra8 Kb7 58.Rxc8 Rxc8
59.Kg6 g3 60.h5 f4 61.Rg1 f3 62.Rxg3 Rg8+  0-1

[Event "XV PRO AM Open"]
[Site "Villa Martelli ARG"]
[Date "2008.10.15"]
[Round "6"]
[White "Sola,R"]
[Black "Gallego,G"]
[Result "1-0"]
[WhiteElo "2338"]
[BlackElo "2155"]

1.e4 c5 2.Nf3 Nc6 3.Bb5 g6 4.c3 Bg7 5.d4 Qb6 6.a4 cxd4 7.O-O Nf6 8.e5 Nd5
9.cxd4 O-O 10.Nc3 Nxc3 11.bxc3 d5 12.exd6 exd6 13.Ba3 Rd8 14.Nd2 d5 15.Re1 Bf5
16.g4 Be6 17.Nb3 Qc7 18.Nc5 Re8 19.Rb1 Rab8 20.Qf3 Bf8 21.Re2 Bd6 22.h3 a6
23.Bd3 Na5 24.Bb4 Nc6 25.Ba3 Na5 26.Qf6 Qe7 27.Qf3 Qc7 28.Reb2 Qc8 29.Bb4 Nc6
30.Nxe6 Qxe6 31.Bxd6 Qxd6 32.Rxb7 Rxb7 33.Rxb7 Ne7 34.Ra7 Qa3 35.Rxa6 Qxc3
36.Qe3 Kf8 37.Bb5 Qa1+ 38.Kg2 Rc8 39.Ra7 Ng8 40.Qf4 Ne7 41.Qh6+  1-0

[Event "1st WMSG Rapid Team w"]
[Site "Beijing CHN"]
[Date "2008.10.16"]
[Round "7"]
[White "Berzina,I"]
[Black "Ziogaite,J"]
[Result "1-0"]
[WhiteElo "2320"]
[BlackElo "2093"]

1.e4 c5 2.Nf3 Nc6 3.Bb5 Na5 4.c3 a6 5.Ba4 b5 6.Bc2 Bb7 7.O-O Nf6 8.Re1 g6
9.d4 cxd4 10.cxd4 Rc8 11.Nc3 Qc7 12.Bd3 Bg7 13.Bg5 h6 14.Bd2 Nc4 15.Bxc4 bxc4
16.Qc1 Ng4 17.h3 Nf6 18.Bf4 Qa5 19.d5 g5 20.Be3 g4 21.hxg4 Nxg4 22.Bf4 Qb6
23.Qd2 h5 24.d6 e5 25.Bg5 Bf8 26.Rad1 f6 27.Bh4 Rc6 28.Nd5 Qd8 29.Nxe5 Rxd6
30.Nxc4 Rxd5 31.exd5+ Kf7 32.Qf4 Bh6 33.Nd6+ Kg7 34.Qf3 Qc7 35.Re7+ Kg8 36.Qf5 Bg7
37.Qg6  1-0

[Event "1st WMSG Rapid Team w"]
[Site "Beijing CHN"]
[Date "2008.10.16"]
[Round "7"]
[White "Horn,E"]
[Black "Fronda,J"]
[Result "0-1"]
[WhiteElo "2041"]
[BlackElo "1996"]

1.e4 c5 2.Nf3 Nc6 3.Bb5 g6 4.Bxc6 bxc6 5.d3 Bg7 6.O-O d6 7.h3 Nf6 8.e5 dxe5
9.Nxe5 Qd5 10.Re1 O-O 11.Nc3 Qd6 12.Nc4 Qc7 13.Na4 Be6 14.Nxc5 Bxc4 15.dxc4 Rad8
16.Qe2 e6 17.c3 Nd7 18.Ne4 Qe5 19.Bg5 f6 20.Bd2 Nb6 21.c5 Nd5 22.Nd6 Qxe2
23.Rxe2 e5 24.Rae1 Rd7 25.c4 Nc7 26.b4 Ne6 27.Be3 Rb8 28.a3 f5 29.f3 Bf8
30.Bf2 Bg7 31.g3 a5 32.b5 Rc7 33.b6 Rd7 34.a4 Bf6 35.Rd1 Bg7 36.Red2 Bh6
37.Rd3 Rbd8 38.Kf1 e4 39.fxe4 fxe4 40.Rb3 e3 41.b7 Rxb7 42.Rxb7 Nxc5 43.Re7 exf2
44.Kxf2 Bf8 45.Re8 Rd7 46.Ke2 Nxa4 47.Rf1 Rxd6 48.Rexf8+ Kg7 49.R1f7+ Kh6
50.Rh8 Kg5 51.Rhxh7 Nc3+ 52.Kf3 Rd3+ 53.Kg2 Rd4 54.Rf2 Rxc4 55.Rc2 a4 56.Ra7 Kf5
57.Ra5+ Ke4 58.Rxa4 Rxa4 59.Rxc3 Ra2+ 60.Kf1 Kd5 61.g4 c5 62.h4 Rh2 63.h5 gxh5
64.gxh5 Kd4 65.Rg3 Rxh5 66.Ke2 Rh2+ 67.Kd1 Kc4 68.Kc1 Kb4 69.Rg8 c4 70.Rg4 Kb3
71.Rg8 Rh1+ 72.Kd2 c3+ 73.Kd3 Rd1+ 74.Ke2 Rd5 75.Rb8+ Kc2 76.Rc8 Re5+ 77.Kf2 Kd2
78.Rd8+ Kc1 79.Rc8 c2 80.Rc7 Kb2 81.Rb7+ Kc3 82.Rc7+ Kb3 83.Rc8 Re4 84.Rb8+ Rb4
85.Rc8 Rc4 86.Rb8+ Kc3  0-1

[Event "1st WMSG Rapid Team"]
[Site "Beijing CHN"]
[Date "2008.10.16"]
[Round "8"]
[White "Nguyen Van Huy"]
[Black "Espinosa Flores,R"]
[Result "1-0"]
[WhiteElo "2422"]
[BlackElo "2412"]

1.e4 c5 2.Nf3 Nc6 3.Bb5 a6 4.Bxc6 dxc6 5.h3 Qc7 6.d3 e5 7.a4 f6 8.a5 Be6
9.Nbd2 O-O-O 10.b3 Ne7 11.Nc4 g5 12.Be3 Ng6 13.g3 g4 14.Ng1 h5 15.hxg4 Bxg4
16.Qd2 Be6 17.O-O-O h4 18.gxh4 Rxh4 19.Rxh4 Nxh4 20.Nb6+ Kb8 21.Qc3 Rd4 22.Kb2 Bg4
23.Ra1 Bd6 24.Qd2 Be7 25.f3 Be6 26.Qh2 f5 27.Bxd4 cxd4 28.exf5 Bxf5 29.Ne2 Nxf3
30.Qh8+ Qd8 31.Rh1 Qxh8 32.Rxh8+ Kc7 33.Ng3 Bg6 34.Rg8 Nh4 35.Rg7 Kd8 36.Nc4 Be8
37.Ne4 Nf5 38.Rh7 Ne3 39.Nxe5 Bb4 40.Rxb7 Bxa5 41.Nf6 Bc7 42.Rxc7 Kxc7 43.Nxe8+ Kb7
44.Nd6+ Kc7 45.Ndc4 Nd5 46.Na5 c5 47.Nac4 Nb4 48.Nf3 Kc6 49.Ng5 Kb5 50.Ne4 Nd5
51.Ne5 Nc7 52.Nd7 Ne6 53.Ka3 Kc6 54.Ndxc5 Nxc5 55.Nxc5 Kxc5 56.Ka4 Kc6 57.Kb4 Kd5
58.Ka5 Kc5 59.b4+  1-0

[Event "1st WMSG Rapid Team"]
[Site "Beijing CHN"]
[Date "2008.10.16"]
[Round "8"]
[White "Cooper,L"]
[Black "Vavrak,P"]
[Result "1/2-1/2"]
[WhiteElo "2313"]
[BlackElo "2478"]

1.e4 c5 2.Nf3 Nc6 3.Bb5 g6 4.Bxc6 dxc6 5.d3 Bg7 6.h3 e5 7.Be3 Qe7 8.Qd2 Nf6
9.Bh6 O-O 10.Nc3 Ne8 11.Bxg7 Nxg7 12.Ne2 f6 13.O-O Be6 14.b3 Rad8 15.Qe3 b6
16.Nd2 g5 17.a4 Nh5 18.Nc4 Nf4 19.f3 h5 20.Qf2 Rf7 21.h4 Ng6 22.Qg3 Rg7 23.hxg5 Bxc4
24.dxc4 fxg5 25.Qh3 Rd2 26.Ng3 Nf4 27.Qc8+ Qf8 28.Qxf8+ Kxf8 29.Rf2 Rgd7
30.Nf1 Ne2+ 31.Kh2 Rxc2 32.Ne3 Rc1 33.Rxc1 Nxc1  1/2-1/2

[Event "1st WMSG Rapid Team"]
[Site "Beijing CHN"]
[Date "2008.10.16"]
[Round "8"]
[White "Jung Ho Jin"]
[Black "Ali Laith,A"]
[Result "0-1"]
[WhiteElo "1851"]
[BlackElo "2283"]

1.e4 c5 2.Nf3 Nc6 3.Bb5 d6 4.Bxc6+ bxc6 5.d4 cxd4 6.Qxd4 e5 7.Qd1 Nf6 8.Nc3 Be7
9.O-O Bg4 10.h3 Bh5 11.Re1 O-O 12.Be3 Qc7 13.g4 Bg6 14.Bg5 Rfe8 15.Qe2 Nd7
16.Bxe7 Rxe7 17.Rad1 Nc5 18.Nh4 Ne6 19.Qd2 Rd7 20.Re3 Rad8 21.Ne2 d5 22.Nxg6 dxe4
23.Qxd7 Rxd7 24.Rxd7 Qxd7 25.Nh4 Qd1+ 26.Kh2 Qxc2 27.Nf5 g6 28.Nfg3 Qxb2
29.Rxe4 Nd4 30.Kg2 Nc2 31.Kf1 Qb1+ 32.Kg2 Ne1+ 33.Kh2 Nf3+ 34.Kg2 Nh4+ 35.Kh2 Qe1
36.Nh1 Qf1  0-1

[Event "1st WMSG Rapid Team w"]
[Site "Beijing CHN"]
[Date "2008.10.16"]
[Round "8"]
[White "Dolzhikova,K"]
[Black "Dang Bich Ngoc"]
[Result "0-1"]
[WhiteElo "2351"]
[BlackElo "2186"]

1.e4 c5 2.Nf3 Nc6 3.Bb5 g6 4.Bxc6 dxc6 5.d3 Bg7 6.h3 Nf6 7.Nc3 O-O 8.Be3 b6
9.Qd2 Re8 10.O-O e5 11.Nh2 Be6 12.Bh6 Bh8 13.f4 Qd4+ 14.Kh1 exf4 15.Rxf4 Nh5
16.Nf3 Qd8 17.Rh4 Bf6 18.Bg5 Bxg5 19.Qxg5 Qxg5 20.Nxg5 h6 21.Nxe6 Rxe6 22.Kh2 Kg7
23.Rf1 Rd8 24.Ne2 Re7 25.Rg4 Rdd7 26.Ng3 Nxg3 27.Rxg3 c4 28.Rgf3 cxd3 29.cxd3 c5
30.Re3 Rd4 31.b3 f5 32.e5 Rd5 33.Rfe1 Kf7 34.g4 f4 35.Re4 g5 36.R1e2 Rxd3
37.e6+ Kf6 38.Re5 Rd6 39.Rf5+ Kg6 40.Rfe5 Rd3 41.R5e4 Kf6 42.Re5 Re3 43.R2xe3 fxe3
44.Rxe3 Rxe6 45.Rf3+ Ke5 46.Rf7 a6 47.Kg3 b5 48.Rc7 Kd4 49.h4 c4 50.bxc4 bxc4
51.hxg5 hxg5 52.Rd7+ Kc3 53.Rg7 Kb2 54.Rxg5 c3 55.Rg8 Rc6 56.Rb8+ Kxa2  0-1

[Event "XV PRO AM Open"]
[Site "Villa Martelli ARG"]
[Date "2008.10.16"]
[Round "7"]
[White "Cuevas,A"]
[Black "Lujan,C"]
[Result "1-0"]
[WhiteElo "2227"]
[BlackElo "2366"]

1.e4 c5 2.Nf3 Nc6 3.Bb5 e6 4.O-O Nge7 5.Re1 a6 6.Bf1 Ng6 7.d4 cxd4 8.Nxd4 Qc7
9.c4 Bb4 10.Bd2 Bd6 11.Nxc6 dxc6 12.h3 O-O 13.Nc3 b6 14.g3 Bb7 15.f4 Rad8
16.Qe2 f5 17.exf5 exf5 18.Bg2 Bc5+ 19.Be3 Rfe8 20.Qf2 Rxe3 21.Rxe3 Nf8 22.Rae1 b5
23.Kh2 bxc4 24.Qe2 Bxe3 25.Qxc4+ Qf7 26.Qxf7+ Kxf7 27.Rxe3 Ne6 28.b4 Rd4
29.a3 Rd2 30.Kg1 Nd4 31.Na4 Bc8 32.Nc5 a5 33.Rd3 Rxd3 34.Nxd3 axb4 35.Nxb4 Bd7
36.Nd3 Ke7 37.Kf2 Kd6 38.a4 Nb3 39.Ke3 c5 40.Nb2 Na5 41.Bf3 Be6 42.Kd3 Kc7
43.Kc3 Kb6 44.Be2 Bd7 45.Bc4 Kc7 46.Bg8 h6 47.Bd5 Kd6 48.Bb3 Nxb3 49.Kxb3 Kd5
50.a5 Bb5 51.Kc3 Ke4 52.Nc4 Kf3 53.Nd6 Bc6 54.Kc4 g5 55.Kxc5 gxf4  1-0

[Event "TCh-AUT 2nd Bundesliga West 2008-9"]
[Site "Austria AUT"]
[Date "2008.10.17"]
[Round "1"]
[White "Streiter,G"]
[Black "Schnegg,M"]
[Result "1/2-1/2"]
[WhiteElo "1970"]
[BlackElo "2062"]

1.e4 c5 2.Nf3 Nc6 3.Bb5 e6 4.O-O a6 5.Bxc6 bxc6 6.d4 d5 7.exd5 cxd5 8.c3 cxd4
9.cxd4 Bd6 10.Bg5 Qb6 11.Qd2 h6 12.Bh4 Rb8 13.b3 Bd7 14.Bg3 Bb4 15.Qf4 Rb7
16.a3 Be7 17.Nbd2 Nf6 18.Rfc1 O-O 19.Ne5 Nh5 20.Qe3 Nxg3 21.hxg3 Bb5 22.b4 Ba4
23.Nd3 Rc7 24.Nc5 Bc6 25.Ndb3 Rfc8 26.Rc3 Bf6 27.Rac1 Bb5 28.f4 Bc4 29.Nd2 Bb5
30.Ndb3 Bc4 31.Nd2 Bb5  1/2-1/2

[Event "24th ECC"]
[Site "Kallithea GRE"]
[Date "2008.10.17"]
[Round "1"]
[White "Predojevic,B"]
[Black "Berkvens,J"]
[Result "1-0"]
[WhiteElo "2615"]
[BlackElo "2431"]

1.e4 c5 2.Nf3 Nc6 3.Bb5 g6 4.Bxc6 dxc6 5.d3 Bg7 6.Nbd2 Nf6 7.a4 Bg4 8.a5 b5
9.O-O Nd7 10.h3 Bxf3 11.Nxf3 O-O 12.c3 b4 13.cxb4 Rb8 14.bxc5 Nxc5 15.Be3 Nxd3
16.Bxa7 Rxb2 17.Ra3 Nf4 18.Qxd8 Rxd8 19.Be3 Ne2+ 20.Kh2 Rb5 21.e5 c5 22.a6 Ra8
23.Rd1 Nd4 24.Bxd4 cxd4 25.Rxd4 Rb6 26.Rda4 Ra7 27.Kg3 Bh6 28.Ra1 Kg7 29.h4 Re6
30.Nd4 Rb6 31.f4 f6 32.e6 f5 33.Ra5 Kf6 34.Nb5 Ra8 35.Nd4 Ra7 36.R1a3 Rb4
37.Nc6 Bxf4+ 38.Kf3  1-0

[Event "24th ECC"]
[Site "Kallithea GRE"]
[Date "2008.10.17"]
[Round "1"]
[White "Frindt,K"]
[Black "Silva,Seb"]
[Result "0-1"]
[WhiteElo "2151"]
[BlackElo "2369"]

1.e4 c5 2.Nf3 Nc6 3.Bb5 e5 4.Bxc6 dxc6 5.h3 Bd6 6.d3 Ne7 7.Nc3 f6 8.Be3 Be6
9.Nd2 b6 10.Ne2 g5 11.Ng3 Ng6 12.Nf5 Qd7 13.Qf3 Bc7 14.g4 O-O-O 15.O-O-O Kb7
16.Nc4 Qf7 17.Nh6 Qf8 18.Nf5 h6 19.Bd2 Qf7 20.b3 h5 21.Ng3 Nf4 22.Nf5 Qd7
23.Be3 Rh7 24.Nb2 Rdh8 25.Rdg1 hxg4 26.hxg4 Ne2+ 27.Qxe2 Rxh1 28.Rxh1 Rxh1+
29.Nd1 Qh7 30.Ng3 Rg1 31.Nf5 Qh3 32.f3 Rf1 33.Bf2 Bxf5 34.exf5 Qg2 35.Kd2 e4
36.fxe4 Bf4+ 37.Be3 Qxe2+ 38.Kxe2 Rxd1 39.Kxd1 Bxe3 40.e5 Bd4 41.e6 Kc7 42.Kd2 Be5
43.Ke3 Bd6 44.a4 a6 45.c3 Be7 46.Ke4 Kd6 47.Kf3 Kd5 48.Ke3 b5 49.a5 Bd8 50.d4 cxd4+
51.cxd4 Kd6 52.b4 Kd5 53.Kd3 Be7  0-1

[Event "24th ECC"]
[Site "Kallithea GRE"]
[Date "2008.10.18"]
[Round "2"]
[White "Gunnarsson,J"]
[Black "Pileckis,E"]
[Result "1-0"]
[WhiteElo "2430"]
[BlackElo "2472"]

1.e4 c5 2.Nf3 Nc6 3.Bb5 g6 4.Bxc6 dxc6 5.d3 Bg7 6.h3 Nf6 7.Nc3 O-O 8.Be3 b6
9.Qd2 e5 10.O-O Be6 11.Bh6 Qd6 12.Bxg7 Kxg7 13.b3 Nh5 14.Ne2 f6 15.Nh2 Rae8
16.Rad1 Nf4 17.Nxf4 exf4 18.Nf3 g5 19.Qc3 g4 20.hxg4 Bxg4 21.Nh4 Qe5 22.Qxe5 fxe5
23.f3 Be6 24.Kf2 Kf6 25.Rh1 Rg8 26.Nf5 Bxf5 27.exf5 Re7 28.Rh6+ Kxf5 29.Rdh1 Rg6
30.Rxh7 Reg7 31.Rxg7 Rxg7 32.Rh6 Rc7 33.g4+ fxg3+ 34.Kxg3 Rg7+ 35.Kf2 Rc7
36.a4 Kf4 37.Rf6+ Kg5 38.Rf8 b5 39.Ke3 c4 40.dxc4 bxc4 41.bxc4 Rb7 42.Rc8 Rb6
43.Ke4 Kf6 44.a5 Ra6 45.c5 Ke6 46.Rd8 Ke7 47.Rd6 Rxa5 48.Rxc6 Ra3 49.c4 Kd7
50.Rf6 Rc3 51.Kd5 a5 52.Rf7+ Ke8 53.c6 Rd3+ 54.Ke6 Kd8 55.Rd7+  1-0

[Event "24th ECC"]
[Site "Kallithea GRE"]
[Date "2008.10.18"]
[Round "2"]
[White "Laurent,B"]
[Black "Gilbert,Jo"]
[Result "1/2-1/2"]
[WhiteElo "2370"]
[BlackElo "2069"]

1.e4 c5 2.Nf3 Nc6 3.Bb5 g6 4.Bxc6 dxc6 5.d3 Bg7 6.h3 Nf6 7.Nc3 Nd7 8.Be3 e5
9.Qd2 Qe7 10.Bh6 f6 11.Nh2 Nf8 12.Bxg7 Qxg7 13.f4 exf4 14.Qxf4 Ne6 15.Qf2 O-O
16.Nf3 Bd7 17.O-O-O b5 18.Rhe1 a5 19.e5 fxe5 20.Qg3 Nf4 21.Nxe5 a4 22.d4 c4
23.Re4 Nh5 24.Qg5 Nf6 25.Ree1 b4 26.Ne4 Nxe4 27.Rxe4 Bf5 28.Re3 c3 29.bxc3 b3
30.Nd3 bxc2 31.Rd2 Bxd3 32.Rexd3 Rab8 33.Rf3 Rxf3 34.gxf3 Qf7 35.Qe5 Re8
36.Qg3  1/2-1/2

[Event "TCh-BEL 2008-9"]
[Site "Belgium BEL"]
[Date "2008.10.19"]
[Round "2"]
[White "Tannemaat,S"]
[Black "Daels,M"]
[Result "0-1"]
[WhiteElo "1849"]
[BlackElo "2210"]

1.e4 c5 2.Nf3 Nc6 3.Bb5 Nf6 4.Nc3 g6 5.O-O Bg7 6.Re1 O-O 7.h3 Ne8 8.d4 Nxd4
9.Nxd4 cxd4 10.Ne2 Qb6 11.Ba4 Nc7 12.c3 e5 13.Bb3 Ne6 14.Bd5 d6 15.a3 Bd7
16.b4 Rac8 17.Bb2 dxc3 18.Nxc3 Kh8 19.Ne2 f5 20.Qb3 fxe4 21.Bxe6 Bxe6 22.Qxe6 Rc2
23.Rac1 Rxb2 24.Rc8 Qxf2+ 25.Kh2 Rd2 26.Qd7 e3 27.Rc7 Rg8 28.Rc8 h5 29.Rxg8+ Kxg8
30.Rc1 Rxe2 31.Rc8+ Kh7 32.Qxb7 Qf4+  0-1

[Event "24th ECC"]
[Site "Kallithea GRE"]
[Date "2008.10.19"]
[Round "3"]
[White "Starostits,I"]
[Black "Broekmeulen,Ja"]
[Result "0-1"]
[WhiteElo "2480"]
[BlackElo "2325"]

1.e4 c5 2.Nf3 Nc6 3.Bb5 g6 4.O-O Bg7 5.Re1 e5 6.Nc3 Nge7 7.Nd5 O-O 8.c3 h6
9.d3 d6 10.a3 Nxd5 11.exd5 Ne7 12.Bc4 f5 13.Rb1 b6 14.b4 Kh7 15.bxc5 bxc5
16.Nd2 g5 17.Qa4 g4 18.Bb2 Bb7 19.Qb3 Rb8 20.Qa2 Qe8 21.d4 cxd4 22.cxd4 e4
23.Bc3 Qf7 24.Rb5 a6 25.Ra5 Rbc8 26.Qb2 Bxd5 27.Bxa6 Rb8 28.Rb5 Rxb5 29.Bxb5 Rb8
30.a4 Nc6 31.Qa1 Qa7 32.Nc4 Nxd4 33.Ne3 Be6 34.Qd1 Nf3+ 35.gxf3 Bxc3 36.Qxd6 Rb6
37.Qf8 Bxe1 38.Nxf5 Bxf5 39.Qxf5+ Rg6 40.fxe4 Kg7 41.Kf1 Bxf2 42.e5 Bd4 43.Be8 Rg5
44.Qf6+ Kh7 45.Bb5 Qc7 46.Bc6 Qxe5  0-1

[Event "24th ECC"]
[Site "Kallithea GRE"]
[Date "2008.10.19"]
[Round "3"]
[White "Pulkkinen,K"]
[Black "Sabo Benke,D"]
[Result "1-0"]
[WhiteElo "2308"]
[BlackElo "1947"]

1.e4 c5 2.Nf3 Nc6 3.Bb5 Na5 4.O-O a6 5.Be2 e6 6.d4 cxd4 7.Nxd4 Nf6 8.e5 Nd5
9.c4 Nb6 10.b3 d5 11.exd6 Bxd6 12.Bb2 O-O 13.Qd2 Be5 14.Rd1 Nc6 15.Nxc6 Qxd2
16.Rxd2 Bxb2 17.Ne7+ Kh8 18.Rxb2  1-0

[Event "24th ECC"]
[Site "Kallithea GRE"]
[Date "2008.10.20"]
[Round "4"]
[White "Frindt,K"]
[Black "Devereaux,M"]
[Result "0-1"]
[WhiteElo "2151"]
[BlackElo "2415"]

1.e4 c5 2.Nf3 Nc6 3.Bb5 g6 4.Nc3 Bg7 5.Bxc6 dxc6 6.d3 b6 7.Be3 Nf6 8.h3 O-O
9.Qd2 Ne8 10.Bh6 f6 11.Ne2 e5 12.g4 Qe7 13.Nh2 Bxh6 14.Qxh6 c4 15.O-O-O cxd3
16.Rxd3 Ba6 17.Rd2 Nd6 18.Rhd1 Rfd8 19.Ng3 Nc4 20.Rxd8+ Rxd8 21.Rxd8+ Qxd8
22.b3 Nd6 23.Qd2 Qe7 24.c4 Nf7 25.Nf3 Bxc4 26.Qc3 Bb5 27.Kb2 c5 28.h4 Bd7
29.Nh2 Qd6 30.Ne2 Bb5 31.Qe3 Bxe2 32.Qxe2 Qd4+ 33.Kc2 Nd6 34.f3 Qa1 35.Kd3 b5
36.Qd2 Qd4+ 37.Kc2 c4 38.Nf1 cxb3+ 39.axb3 Qxd2+ 40.Kxd2 a5 41.Ne3 Kf7 42.Kd3 Nb7
43.Nd5 Nc5+ 44.Kc3 Ne6 45.Nb6 Nd4 46.Nc8 Ke6 47.f4 Ne2+ 48.Kd2 Nxf4 49.Na7 Kd6
50.Nxb5+ Kc5 51.Nc7 h5 52.gxh5 Nxh5 53.Ne6+ Kb4 54.Kc2 Nf4 55.Ng7 Kc5 56.Ne8 Nh5
57.Nc7 Kd4 58.Nd5 Kxe4 59.Ne7 g5 60.hxg5 fxg5 61.Kd2 g4 62.Nc6 g3 63.Ke1 Kf4
64.Ke2 e4 65.Nxa5 Kg4 66.Nc4 Nf4+ 67.Ke3 Kh3 68.Nd2 g2 69.Kf2 Kh2 70.Nf1+ gxf1=Q+
71.Kxf1 Kg3 72.b4 Kf3  0-1

[Event "24th ECC"]
[Site "Kallithea GRE"]
[Date "2008.10.20"]
[Round "4"]
[White "Iskos,A"]
[Black "Golod,V"]
[Result "0-1"]
[WhiteElo "2091"]
[BlackElo "2584"]

1.e4 c5 2.Nf3 Nc6 3.Bb5 d6 4.O-O Bd7 5.Re1 Nf6 6.c3 a6 7.Bf1 Bg4 8.h3 Bh5
9.d3 e6 10.g4 Bg6 11.Bg2 Be7 12.Nh4 d5 13.Nxg6 hxg6 14.e5 Nd7 15.Bf4 Qb6
16.Qc2 Qc7 17.Qe2 b5 18.Nd2 Nb6 19.Rac1 Rc8 20.Bh2 g5 21.Qe3 Na4 22.Rc2 Qd7
23.Nf3 Qd8 24.Qc1 c4 25.d4 b4 26.Nd2 O-O 27.f4 gxf4 28.Bxf4 Na5 29.Nf3 Rb8
30.Rf1 Nc6 31.Bg5 bxc3 32.bxc3 Rb7 33.h4 Na7 34.Bxe7 Qxe7 35.h5 Nb5 36.h6 gxh6
37.Qxh6 f6 38.Nh4 Qg7 39.Qf4 Rbf7 40.Qg3 fxe5 41.dxe5 Rxf1+ 42.Bxf1 Naxc3
43.Rxc3 Nxc3 44.Qxc3 Qxg4+ 45.Ng2 Qf3 46.Qc1 Qf2+ 47.Kh2 Qxf1 48.Qg5+ Kf7
49.Nh4 Qe2+ 50.Kh3 Qd3+ 51.Kh2 Ke8 52.Qh5+ Kd7 53.Qg4 Rf2+ 54.Ng2 Qe4 55.Qg7+ Kc6  0-1

[Event "24th ECC"]
[Site "Kallithea GRE"]
[Date "2008.10.20"]
[Round "4"]
[White "Novikov,Vit"]
[Black "Einarsson,H"]
[Result "1/2-1/2"]
[WhiteElo "2325"]
[BlackElo "2264"]

1.e4 c5 2.Nf3 Nc6 3.Bb5 d6 4.O-O Bd7 5.Re1 a6 6.Bxc6 Bxc6 7.d4 cxd4 8.Nxd4 Bd7
9.c4 g6 10.Nc3 Bg7 11.b3 Nf6 12.a4 O-O 13.f3 Qa5 14.Bb2 h5 15.Kh1 h4 16.Nd5 Nxd5
17.exd5 e5 18.dxe6 fxe6 19.Qc2 e5 20.Qxg6 Rf6 21.Qg5 Qc5 22.Nc2 Qf2 23.Rac1 h3
24.Rf1 Qe2 25.Rfe1 hxg2+ 26.Qxg2 Qxf3 27.Ne3 Raf8 28.Rg1 R8f7 29.Nd5 Rh6
30.Qxf3 Rxf3 31.Rc3 Rf2 32.Rg2 Rf1+ 33.Rg1 Rf2 34.Rg2 Rf1+  1/2-1/2

[Event "24th ECC"]
[Site "Kallithea GRE"]
[Date "2008.10.21"]
[Round "5"]
[White "Georgiev,Kr"]
[Black "Riff,JN"]
[Result "1/2-1/2"]
[WhiteElo "2453"]
[BlackElo "2512"]

1.e4 c5 2.Nf3 Nc6 3.Bb5 d6 4.O-O Bd7 5.Re1 Nf6 6.c3 a6 7.Bf1 Bg4 8.d3 e6
9.Bf4 Be7 10.Nbd2 O-O  1/2-1/2

[Event "24th ECC"]
[Site "Kallithea GRE"]
[Date "2008.10.21"]
[Round "5"]
[White "Bosman,M"]
[Black "Sabo Benke,D"]
[Result "1-0"]
[WhiteElo "2346"]
[BlackElo "1947"]

1.e4 c5 2.Nf3 Nc6 3.Bb5 d6 4.O-O Bd7 5.c3 Nf6 6.Re1 e6 7.d4 cxd4 8.cxd4 Ne7
9.Bd3 Ng6 10.Nc3 e5 11.Qb3 Be7 12.Qxb7 O-O 13.h3 h6 14.Qa6 Bc8 15.Qa4 Bd7
16.Bb5 Bxb5 17.Qxb5 a6 18.Qa4 Re8 19.Be3 Qb8 20.Re2 Bf8 21.d5 Rc8 22.Rc2 Qb7
23.Rac1 Rab8 24.Nd2 Nd7 25.Nd1 Be7 26.Rxc8+ Rxc8 27.Rxc8+ Qxc8 28.Qc6 Qd8
29.Qxa6 Bg5 30.Qxd6 Bxe3 31.Nxe3 Qa5 32.Nec4 Qb5 33.Qc6  1-0

[Event "24th ECC"]
[Site "Kallithea GRE"]
[Date "2008.10.21"]
[Round "5"]
[White "Jeitz,C"]
[Black "Frindt,K"]
[Result "0-1"]
[WhiteElo "2251"]
[BlackElo "2151"]

1.e4 c5 2.Nf3 Nc6 3.Bb5 g6 4.O-O Bg7 5.c3 Nf6 6.Re1 O-O 7.h3 Qb6 8.Ba4 d6
9.d4 Nd7 10.Bxc6 bxc6 11.Na3 cxd4 12.cxd4 Ba6 13.b3 c5 14.Bb2 cxd4 15.Bxd4 Bxd4
16.Qxd4 Rfc8 17.Rec1 Qxd4 18.Nxd4 Nc5 19.f3 Rab8 20.Rc3 Kf8 21.Ndc2 Nd3 22.Rxc8+ Rxc8
23.Rd1 Ke8 24.Rd2 h5 25.b4 Nf4 26.b5 Bb7 27.h4 Rc5 28.g3 Ne6 29.Kf2 Bc8 30.Nd4 Bd7
31.Nxe6 Bxe6 32.Rb2 Kd7 33.Nc2 Kc7 34.Nd4 Bd7 35.a4 Kb6 36.a5+ Kb7 37.a6+ Kb6
38.Nc6 Rxb5 39.Rxb5+ Kxb5 40.Nxe7 Kxa6 41.Ke3 Kb5 42.Kd4 Be6 43.Kc3 Kc5 44.Ng8 d5
45.Nf6 dxe4 46.Nxe4+ Kd5 47.Nf2 Ke5 48.Nd3+ Kf5 49.Kd4 Bb3 50.Ne5 Bd1 51.g4+ Ke6
52.gxh5 gxh5 53.Nc6 a6 54.Ke4 Kd6 55.Nd4 a5 56.Nf5+ Kc5 57.Ne3 Be2 58.Nc2 a4
59.f4 Kc4 60.Ne3+ Kb3  0-1

[Event "24th ECC"]
[Site "Kallithea GRE"]
[Date "2008.10.21"]
[Round "5"]
[White "Potkin,V"]
[Black "Kotanjian,T"]
[Result "1/2-1/2"]
[WhiteElo "2613"]
[BlackElo "2567"]

1.e4 c5 2.Nf3 Nc6 3.Bb5 g6 4.O-O Bg7 5.c3 Nf6 6.e5 Nd5 7.d4 cxd4 8.cxd4 Nc7
9.Nc3 Nxb5 10.Nxb5 O-O 11.d5 a6 12.Nc3 Nxe5 13.Nxe5 Bxe5 14.Bh6 d6 15.Bxf8 Kxf8
16.Qb3 b5 17.a4 Rb8 18.axb5 axb5 19.Na2 b4 20.Rfc1 Bd7 21.Rc4 Qa5 22.Rxb4 Rxb4
23.Qxb4 Qxd5 24.Nc3 Qd2 25.Rd1 Qc2 26.Re1 Kg7 27.h3 Bc6 28.Rxe5 dxe5 29.Qxe7  1/2-1/2

[Event "24th ECC"]
[Site "Kallithea GRE"]
[Date "2008.10.21"]
[Round "5"]
[White "Zakarian,D"]
[Black "Meins,G"]
[Result "1/2-1/2"]
[WhiteElo "2261"]
[BlackElo "2460"]

1.e4 c5 2.Nf3 Nc6 3.Bb5 g6 4.O-O Bg7 5.Re1 Nf6 6.e5 Nd5 7.Nc3 Nc7 8.Bxc6 dxc6
9.Ne4 b6 10.Nf6+ Kf8 11.Ne4 Bg4 12.d3 Ne6 13.h3 Bxf3 14.Qxf3 Qd5 15.Bd2 Nd4
16.Qd1 h6 17.Nc3 Qd7 18.Bf4 Kg8 19.Re4 Kh7 20.Qd2 f5 21.exf6 exf6 22.Rae1 Rhe8
23.Kf1 f5 24.Rxe8 Rxe8 25.Rxe8 Qxe8 26.Ne2 Nxe2 27.Qxe2 Qf7 28.b3 Qf6 29.a4 b5
30.g3 bxa4 31.bxa4 Qa1+ 32.Kg2 Qxa4 33.Qe7 Qd4 34.Qxa7 c4 35.Qxd4 Bxd4 36.dxc4 h5
37.Be3 Be5 38.Kf3 Kg7 39.Ke2 Kf7 40.Kd3 Ke6 41.Bf4 Bf6 42.h4 Bg7 43.Ke3 Bf6
44.Bb8 Bg7 45.Ba7 Be5 46.Bd4 Bd6 47.Kf3 Bc7 48.Be3 Be5 49.Bf4 Bd4  1/2-1/2

[Event "LiraH Autumn"]
[Site "Lichtenrade GER"]
[Date "2008.10.21"]
[Round "4"]
[White "Glantz,R"]
[Black "Bachran,B"]
[Result "1-0"]
[WhiteElo "2197"]
[BlackElo "1960"]

1.e4 c5 2.Nf3 Nc6 3.Bb5 a6 4.Bxc6 bxc6 5.O-O d6 6.h3 e5 7.c3 Be6 8.d4 cxd4
9.cxd4 f6 10.Nc3 h5 11.Be3 g5 12.dxe5 dxe5 13.Qa4 Ne7 14.Rfd1 Qc8 15.Nd5 Nxd5
16.exd5 Bd7 17.Rac1 c5 18.Qa5 Rb8 19.Qc3 Bd6 20.b3 Rb5 21.Nd2 Rb4 22.Nc4 Rxc4
23.Qxc4 Ke7 24.Bxc5 Bxc5 25.Qxc5+ Qxc5 26.Rxc5 Kd6 27.Rdc1 f5 28.Ra5 Bb5
29.a4 Bd3 30.Rc6+ Kd7 31.b4 Rb8 32.b5 axb5 33.Ra7+ Kd8 34.Rh6  1-0

[Event "WYCC Boys U14"]
[Site "Vung Tau City VIE"]
[Date "2008.10.21"]
[Round "2"]
[White "Lin Chieh Sheng,J"]
[Black "Chua Xing Jian,G"]
[Result "0-1"]
[WhiteElo "1686"]
[BlackElo "2229"]

1.e4 c5 2.Nf3 Nc6 3.Bb5 d6 4.O-O Bd7 5.Re1 Nf6 6.c3 a6 7.Bf1 Bg4 8.d3 g6
9.Nbd2 Bg7 10.h3 Bxf3 11.Nxf3 O-O 12.d4 Rc8 13.d5 Nb8 14.Qb3 Qc7 15.c4 Nbd7
16.Bd2 Rfe8 17.Bc3 e6 18.e5 dxe5 19.Nxe5 exd5 20.Nxd7 Qxd7 21.cxd5 b5 22.Bxf6 Bxf6
23.Rxe8+ Rxe8 24.Rd1 Bd4 25.Rd2 Re5 26.Qa3 Qd6 27.g3 Rxd5 28.Bg2 Rf5 29.Re2 Qf6
30.Qd3 Rxf2 31.Re8+ Kg7 32.Kh2 Rxg2+  0-1

[Event "TCh-CHN Torch Real Estate Cup"]
[Site "Jiangsu Wuxi CHN"]
[Date "2008.10.22"]
[Round "10"]
[White "Wang Chen"]
[Black "Wang Hao"]
[Result "1/2-1/2"]
[WhiteElo "2387"]
[BlackElo "2684"]

1.e4 c5 2.Nf3 Nc6 3.Bb5 Nf6 4.Qe2 g6 5.O-O Bg7 6.e5 Ng4 7.Bxc6 dxc6 8.d3 Nh6
9.c3 O-O 10.Nbd2 b6 11.Ne4 Bg4 12.h3 Bxf3 13.Qxf3 f6 14.exf6 exf6 15.Ng3 Qd5
16.Qxd5+ cxd5 17.Bxh6 Bxh6 18.Rfe1 Kf7 19.Nf1 Rfe8 20.g3 b5 21.f4 a5 22.Kf2 Bf8
23.Rxe8 Rxe8 24.a4 c4 25.dxc4 bxc4 26.Rd1 Rb8 27.Rxd5 Rxb2+ 28.Ke3 f5 29.Kd4 Rf2  1/2-1/2